Statystyki dla Marki samochodów. Historyczne i Współczesne

Kliknij tutaj aby rozwiązać quiz!

Ogólne statystyki

  • Ten quiz został rozwiązany 480 razy
    (409 od ostatniego zresetowania)
  • Średni wynik to 40 z 380

Statystyki odpowiedzi

LpMarka% Poprawnych
22Audi
82%
42BMW
81%
213Mercedes-Benz
79%
117FIAT
78%
121Ford Motor Company
72%
116Ferrari
71%
322Volkswagen
71%
179Lamborghini
68%
236Opel
68%
292Steinmetz Opel Tuning
67%
308Toyota
65%
323Volvo Car Corporation
63%
335Honda
62%
263Renault
62%
285Škoda Auto
62%
352Nissan
59%
250Peugeot
59%
73Citroën
58%
253Porsche
57%
348Mazda
54%
278SEAT
54%
299Swaraj Mazda
54%
150Hyundai Motor Company
52%
7Alfa Romeo
51%
52Bugatti
50%
71Chevrolet
50%
39Bentley
49%
175Kia Motors
49%
80Dacia
48%
20Aston Martin
46%
196Łada
46%
351Mitsubishi
46%
95Dodge
44%
347Suzuki
44%
201MAN-VW
43%
164Jaguar
42%
337Scania
42%
353Subaru
42%
354Tesla
42%
165Jeep
41%
336Saab
40%
181Land Rover
38%
338Tata
38%
123Fabryka Samochodów Osobowych
37%
206Maserati
35%
346Lexus
34%
270Rolls-Royce Motor Cars
34%
180Lancia
33%
72Chrysler
32%
349Mini
32%
369Syrena
32%
130GM Daewoo
31%
315UzDaewooAuto
31%
375Iveco
30%
209McLaren Automotive
30%
82DAF
29%
339Acura
28%
344Infiniti
27%
368Rover
27%
55Cadillac
26%
372Pontiac
25%
131GMC
24%
177Koenigsegg
24%
241Pagani Automobili
24%
286Smart
23%
360Trabant
23%
373Maybach
22%
370Wartburg
22%
2Abarth
21%
53Buick
21%
8Alpine
20%
345Isuzu
20%
195Lotus Cars
20%
290SsangYong
20%
83 | 380Daihatsu
18%
124GAZ
18%
200Mahindra & Mahindra Limited
18%
262Ram
18%
79Cupra
17%
143Holden
17%
144Holden Special Vehicles
17%
189Lincoln
17%
312UAZ
16%
316Vauxhall
16%
342Austin
15%
378FSM
15%
216MG
15%
45Brabus
13%
367Plymouth
12%
281Shelby SuperCars
12%
333ZAZ
12%
377Hummer
11%
358Oldsmobile
11%
10AMC
9%
84Daimler Motor Company
9%
125Geely
9%
15Apollo Automobil
8%
16Ariel Ltd
8%
59Caterham Cars
8%
102Eagle
8%
332Zastava
8%
341Zenvo
8%
6Aixam
7%
18Arrinera
7%
379Fisker
7%
363FSC
7%
371Scion
7%
311TVR
7%
361Yugo
7%
17ARO
6%
54BYD Auto
6%
93DeLorean Motor Company
6%
350Morgan
6%
222Morgan Motor Company
6%
225 | 365Moskwicz
6%
231Noble Automotive
6%
252Polestar
6%
264Renault Samsung Motors
6%
275Saleen
6%
359Saturn
6%
301Talbot
6%
19Ascari Cars
5%
343Genesis
5%
257Proton
5%
48Brilliance
4%
70Chery Automobile
4%
98DS Automobiles
4%
211Melex
4%
214Merkur
4%
217Mitsuoka
4%
223Morris Motor Company
4%
239Otokar
4%
240Packard
4%
288Spyker
4%
289Spyker Cars
4%
296Studebaker
4%
1Aaglander
3%
9Alvis
3%
23Aurus
3%
60Centralne Warsztaty Samochodowe
3%
89De Tomaso
3%
127Geo
3%
187LiAZ
3%
205Marussia Motors
3%
357Maruti
3%
226Mosler
3%
233NSU Motorenwerke
3%
243Panoz
3%
255Praga
3%
313Ultima Sports
3%
340WAZ
3%
3Abbott
2%
4AC Schnitzer
2%
5Air car
2%
11Amilcar
2%
12Amphicar
2%
13Amuza
2%
14Andino
2%
21Asüna
2%
31AwtoWAZ
2%
33Ballot
2%
35Bedford Vehicles
2%
36Beijing Automobile Works
2%
37Beijing Jeep
2%
44Borgward
2%
56Callaway Cars
2%
362Coda
2%
99Duesenberg
2%
113FAW Group
2%
114FAW-Volkswagen
2%
129Ginetta
2%
141Hindustan Motors
2%
147Hudson Motor Car Company
2%
376Innocenti
2%
374JMC
2%
184LDV
2%
192Lola Cars
2%
356LTI
2%
198Magirus
2%
212Melkus
2%
366Oltcit
2%
242Panhard
2%
259Puma Veículos e Motores
2%
294Steyr-Daimler-Puch
2%
306Tofaş
2%
314Unimog
2%
317Vector Motors
2%
334Zxauto
2%
24Automobile Craiova
1%
25Automobiles Dallas
1%
26Automobiles Grégoire
1%
27Automobiles René Bonnet
1%
28Automotive Industries
1%
29Auverland
1%
30Avions Voisin
1%
32Bahman Group
1%
34Beardmore
1%
38Beiqi Foton Motor
1%
40Bignan
1%
41Bitter
1%
43Bolwell
1%
46Brasier
1%
47Bremach
1%
49Bristol Cars
1%
50British Motor Holdings
1%
51Bronto
1%
57Carlsson Autotechnik
1%
58Carrozzeria Fissore
1%
61Chalmers Motor Car Company
1%
62Chamonix NG Cars
1%
63Chang’an Automobile
1%
67Changhe
1%
74Cizeta
1%
77Cottereau
1%
78Crespi
1%
103Edsel
1%
104Elfin
1%
106ELVO
1%
109Fabryka Samochodów Rolniczych „Polmo” w Poznaniu
1%
111Fargo
1%
136Gräf & Stift
1%
137Grégoire
1%
152Imperial
1%
355Intrall
1%
158Iran Khodro
1%
159Irmscher
1%
160Isdera
1%
161Isotta Fraschini
1%
162Itala
1%
163Jago
1%
178Lagonda
1%
364Landwind
1%
193Lorinser
1%
197ŁuAZ
1%
202Marcos
1%
203Marlin
1%
219Monteverdi
1%
224Mors
1%
228MTX
1%
229NAMCO
1%
230Nasr
1%
232Novitec
1%
234ÖAF
1%
235Oettinger Sportsystems
1%
237OSKAR 16/250
1%
238OSKAR 54
1%
244Państwowe Zakłady Inżynierii
1%
248Pegaso
1%
249Perodua
1%
251Pierce-Arrow
1%
256Premier
1%
260Qoros
1%
272Russo-Bałt
1%
273SAIC-GM-Wuling Automobile
1%
276Salmson
1%
277Santana Motor
1%
279SeAZ
1%
282Shuanghuan
1%
297Stutz
1%
303The London Taxi Company
1%
318Velorex
1%
319Velorex 16/175
1%
320Velorex 435-0
1%
321Venturi
1%
324Westfield Sportscars
1%
325Wiesmann
1%
330Zakład Samochodów Dostawczych
1%
64Chang’an Ford
0%
65Chang’an Suzuki
0%
66Changfeng Motor
0%
68Chatenet Automobiles
0%
69Chenard & Walcker
0%
75Clément-Bayard
0%
76Coast to Coast Street Rod
0%
81Dadi Auto
0%
85Dangel
0%
86De Dietrich
0%
87De Dion-Bouton
0%
88De La Chapelle
0%
90Delage
0%
91Delahaye
0%
92Delaunay-Belleville
0%
94Deutsch-Bonnet
0%
96Dong A
0%
97Dongfeng Motor
0%
100Dutton Cars
0%
101Dux
0%
105Elipsa
0%
107Enzmann
0%
108ESTfield
0%
110Facel Vega
0%
112Farman
0%
115Felber
0%
118Fiberfab
0%
119Foers
0%
120Force Motors
0%
122Framo
0%
126Gemballa
0%
128Giannini
0%
132Goggomobil
0%
134GołAZ
0%
133Goliath
0%
135Gordini
0%
138Guangzhou Automobile Industry Group
0%
139Hafei
0%
140Heuliez
0%
142Hinstin
0%
145Hope Motor Company
0%
146Hotchkiss-Grégoire
0%
148Hupmobile
0%
149Hurtan
0%
151IATO
0%
153IMV
0%
154Industrias Kaiser Argentina
0%
155Inokom
0%
156Invicta
0%
157IPIM
0%
166Jehle
0%
167JerAZ
0%
168Jiangling Motors
0%
169Jinbei
0%
170JM Design
0%
171Jo-mobil
0%
172K-1 Engineering
0%
173Karmann
0%
174KAwZ
0%
176Kish Khodro
0%
182Laraki
0%
183LaSalle
0%
186Leyat
0%
185Le Zèbre
0%
188Lifan
0%
190Lister Cars
0%
191Lloyd
0%
194Lorraine-Dietrich
0%
199Magirus-Deutz
0%
204Marotti
0%
207Matford
0%
208Mathis
0%
210Mebea
0%
215Messier
0%
218Modellista
0%
220Morattab
0%
221Moretti
0%
227Moteur Developpement International
0%
245Paris-Rhône
0%
246Pars Khodro
0%
247Partisan One
0%
254Portaro
0%
258Protos
0%
261Qvale
0%
265RexeR
0%
266Rīgas Autobusu Fabrika
0%
267Rinspeed
0%
268Rocar
0%
269Roewe
0%
271Rovin
0%
274SAIPA
0%
280Shanghai Volkswagen
0%
283Sizaire Frères
0%
284Sizaire-Naudin
0%
287Soueast Motors
0%
291Statesman
0%
293Steyr 120
0%
295Stoewer
0%
298Swallow Coachbuilding Company
0%
300TagAZ
0%
302Thai Rung Union Car
0%
304Think
0%
305Tianjin Xiali
0%
307Tommy Kaira
0%
309Trnavské automobilové závody
0%
310Troller
0%
326Willys-Overland
0%
327Wołżanin
0%
328Xinkai
0%
329Yulon
0%
331Zamyad
0%

Rozkład punktacji

Percentyl według liczby udzielonych odpowiedzi

Procent ludzi z każdym wynikiem

Twoja historia wyników

Nie rozwiązałeś tego quizu od ostatniego zresetowania